000 00208 a2200097 4500
001 10537
100 _aPage, C H
245 _aAlgebra of electronics, The.
260 _a
_bD Van Nost
_c
090 _c8152
_d8152
942 _aNUST-CAE
_cM
_c34881
999 _c245610
_d245610